Fr. Conceicao Rodrigues College of Engineering

Engineering thermodynamics (Record no. 29794)

MARC details
000 -LEADER
fixed length control field 00340nam a2200145Ia 4500
082 ## - DEWEY DECIMAL CLASSIFICATION NUMBER
Classification number 621.4021
Item number SPA
100 ## - MAIN ENTRY--PERSONAL NAME
Personal name Spalding/D.B/ Cole/E.H
245 ## - TITLE STATEMENT
Title Engineering thermodynamics
260 ## - PUBLICATION, DISTRIBUTION, ETC.
Name of publisher, distributor, etc. English language book society
Place of publication, distribution, etc. London
Date of publication, distribution, etc. 1985
300 ## - PHYSICAL DESCRIPTION
Extent 445
546 ## - LANGUAGE NOTE
Language note ENGLISH
654 ## - SUBJECT ADDED ENTRY--FACETED TOPICAL TERMS
Focus term thermodynamics
942 ## - ADDED ENTRY ELEMENTS (KOHA)
Koha item type BOOK
Holdings
Withdrawn status Lost status Damaged status Not for loan Collection Home library Current library Date acquired Cost, normal purchase price Total Checkouts Full call number Barcode Date last seen Cost, replacement price Price effective from Koha item type
        CRC Fr. Agnel's C.Rodrigues College of Engineering Fr. Agnel's C.Rodrigues College of Engineering 17/03/2023 72.15   621.4021 SPA 1489 17/03/2023 72.15 17/03/2023 BOOK